Mortal Kombat 11 Characters by Fatalities - Statistics

General Stats
  • This quiz has been taken 70 times
  • The average score is 28 of 37
Answer Stats
Finishers Character % Correct
I <3 U; #GirlPower Cassie Cage
93%
Ice-Cutioner; Frozen In Time Sub-Zero
91%
Mr. Cage's Neighborhood; Who Hired This Guy Johnny Cage
89%
Bow Before Me; Pole Dance Jade
87%
Gore-Nado; Royal Execution Kitana
87%
Ice Sculpture; The Cyber Initiative Frost
85%
Coming In Hot; Still Got It Jax
85%
Headed Nowhere; Meat Slicer Kung Lao
82%
You're Next; Chain Reaction Scorpion
82%
Scream Queen; Hair Today Gone Tomorrow Sindel
82%
To The Choppa; Supply Drop Sonya
82%
Food For Thought; Rock, Paper, ______ Baraka
80%
New Species; Can't Die D'Vorah
80%
Burn Out; Belly of the Beast Liu Kang
80%
Spinning Out of Control; Violent Delights Mileena
80%
Split Decision; Douuble Trouble Noob Saibot
80%
Back Blown Out; Kahn-Sequences Shao Kahn
80%
Wind Blade; Twisted Twister Fujin
78%
Phasing Through Time; Peeling Back Geras
78%
Party Pooper; Pop Goes The Mortal Joker
78%
Melted; Death Trap Erron Black
76%
For The Kollection; Head Lantern Kollector
76%
Eye-Solated; Power Washer Rain
76%
Bloody Mess; Heart Condition Skarlet
76%
Kondemned To The Damned; Shokan Reborn Shang Tsung
75%
Maintaining Balance; Good And Evil Cetrion
73%
Road Rash; Hooked Kabal
73%
Last Dance; Face Like A Dropped Pie Kano
73%
Straight To Valhalla; Parrilla Thrilla Rambo
73%
Dead Or Alive; Thank You For Your Cooperation Robocop
73%
Rest In Pieces; Unchained Spawn
73%
Alternating Current; Direct Current Raiden
71%
Spider Mines; Nothin' But Neck Jacqui
67%
Komo-tose; War Ritual Nightwolf
67%
Stomp The Yard; Spinal Tap Sheeva
64%
Totem Sacrifice; Kat Food Kotal Khan
58%
I'm Back; Target Terminated Terminator T-800
18%
No matching quizzes found
Score Distribution
Percent of People with Each Score
Percentile by Number Answered
Your Score History
You have not taken this quiz